| 000 | 00422nam a22001697a 4500 | ||
|---|---|---|---|
| 005 | 20160618105549.0 | ||
| 008 | 160618b xxu||||| |||| 00| 0 eng d | ||
| 020 | _a81-203-1460-3 | ||
| 041 | _aeng | ||
| 082 | _b8086 | ||
| 100 |
_aFrancis, Richard L. & others _92184 |
||
| 245 | _aFacility layout and location an analytical approach | ||
| 260 |
_bPHI _c2009 |
||
| 300 | _a577 | ||
| 650 |
_aManagement _9241 |
||
| 942 | _cBK | ||
| 999 |
_c3052 _d3051 |
||